000 00938cam a2200241 4500
001 ##L132976
008 060329n2006 000 0 eng u
020 _a1860819028
035 _a(Sirsi) u132976
041 0 _aeng
050 0 4 _a697 $2 18
100 1 _aJaggs, Mike
245 0 0 _aAchieving airtightness
_bpractical guidance on techniques - windows and doors, sealing methods and materials
260 _aWatford
_bBRE
_c2006
300 _a6p.
_bill.
_c30cm.
490 0 _aBRE Good Building Guide
_vGBG 67 Part 3
520 _aGives practical advice on methods of achieving airtightness applicable to most building types. This is the third part of a three part information paper (see also L132974 and L132975).
590 _aIKA190906
651 4 _aUnited Kingdom
_y
690 _aBUILT ENVIRONMENT-BUILDING SERVICES-BUILDING SERVICES ENGINEERING-HEATING AND VENTILATION ENGINEERING
700 1 _aScivyer, Chris
942 _n0
999 _c105293
_d105293